Sports Quiz

Random Sports or NCAA Quiz

2010-2011 SLU Billikens Quiz Stats

 Plays Quiz not verified by Sporcle

Score 0/19 Timer 03:00
0 Plays Today
Position Name % Correct
5 - GuardJordair Jett
92.3%
11 - GuardMike McCall
92.3%
24 - ForwardCody Ellis
92.3%
14 - ForwardBrian Conklin
87.2%
Head CoachRick Majerus
84.6%
51 - ForwardRob Loe
82.1%
23 - GuardKyle Cassity
79.5%
32 - ForwardCory Remekun
76.9%
21 - ForwardDwayne Evans
74.4%
10 - GuardPaul Eckerle
71.8%
Position Name % Correct
30 - ForwardJake Barnett
69.2%
Associate Head CoachPorter Moser
64.1%
15 - GuardChristian Salecich
61.5%
Assistant CoachChris Harriman
59%
13 - GuardBrian Daly
56.4%
Assistant CoachAlex Jensen
48.7%
12 - ForwardGrant Gehlen
46.2%
Senior Graduate ManagerTony Young
41%
Director of Basketball OperationsMatt Gordon
25.6%

You're not logged in!

Compare scores with friends on all Sporcle quizzes.
OR
Log In

Show Comments

Extras

Top Quizzes Today


Score Distribution

Your Account Isn't Verified!

In order to create a playlist on Sporcle, you need to verify the email address you used during registration. Go to your Sporcle Settings to finish the process.

Report this User

Report this user for behavior that violates our Community Guidelines.

Details: